000 00475nam a2200169 i 4500
001 bg
100 1 _aJACIMIRSKIJ, K. B.
245 1 0 _aKinetyczne metody analizy chemicznej /
_cK.
_nB. Jacimirski.
260 _aWarszawa :
_bWydawnictwa Naukowo-Techniczne,
_c1965.
650 9 _aChemia analityczna
_xmetody
655 _aPodręczniki akademickie
040 _cBPK
041 1 _apol
_hrus
080 _a543(075.8)
942 _cKS
008 s pl f |000 0 pol
999 _c25350
_d25350
856 _uhttp://koha.tu.koszalin.pl/cgi-bin/koha/opac-detail.pl?biblionumber=25350
_yKatalog online BPK